Theory and Econometrics of Financial Asset Pricing /

Na minha lista:
Detalhes bibliográficos
Autor principal: Lim, K. G. (autor)
Formato: Livro
Idioma:inglês
Publicado em: Berlín, Alemania : De Gruyter Brill, 2022, c2022
Acesso em linha:Ver documento en línea
Tags: Adicionar Tag
Sem tags, seja o primeiro a adicionar uma tag!

MARC

LEADER 00000nam^a22000000a04500
001 000631120
005 20260415000000.0
009 20260415195739.14
020 |a 9783110673951 
037 |a Acervo ITESO - Biblioteca 
041 |a ING 
082 |a Libro en línea 
100 |a Lim, K. G.  |e (autor) 
245 1 0 |a Theory and Econometrics of Financial Asset Pricing / 
264 4 |a Berlín, Alemania :  |b De Gruyter Brill,  |c 2022, c2022 
264 2 |a Berlín, Alemania :  |b De Gruyter Brill [distribución],  |c 2026 
300 |a 1 libro electrónico en línea ( p.) 
300 |a 1 recurso en línea 
336 |a datos para computadora  |b cod  |2 rdacontenido 
337 |a computadora  |b c  |2 rdamedio 
338 |a recurso en línea  |b cr  |2 rdasoporte 
506 0 |a Licencias ilimitadas 
521 |a De Gruyter Brill 2026 EEnlace Departamento de Matemáticas y Física 
567 |a Catalogación rápida 
649 |a XX 
856 4 0 |u https://ezproxy.iteso.mx/login?qurl=https://doi.org/10.1515/9783110673951  |y Ver documento en línea 
910 |a Fondo General 
920 |a Electrónicos - Libros en Línea 
930 |a Plataforma Digital 
905 |a 205 
902 |a https://opac.biblio.iteso.mx/vufind/Record/000631120